| 000 | 01052cab a2200313 4500 | ||
|---|---|---|---|
| 001 | ABS53792 | ||
| 008 | 090401t1995 xxu||||| |||| 00| 0 eng d | ||
| 035 | _a(Sirsi) u6623 | ||
| 041 | _aeng | ||
| 100 | _aCole, J. | ||
| 245 | _aNo protection for professional associates | ||
| 260 | _c1995 | ||
| 350 | _a0 | ||
| 490 |
_aSolicitors` Journal _v139(39) 13 October 1995, 1020-1022(3) |
||
| 520 | _aSuggests that professionals working in association but not in partnership may not be protected under landlord and tenant legislation for security of tenure. Describes various cases that highlight the problem. | ||
| 650 | _aANOMALY | ||
| 650 | _aHARRIS V BLACK | ||
| 650 | _aHEATHERSTONE V STAPLES | ||
| 650 | _aHOWSON V BUXTON | ||
| 650 | _aJACOBS V CHAUDHURI | ||
| 650 | _aLANDLORD AND TENANT ACT 1954 | ||
| 650 | _aLAW OF PROPERTY ACT 1969 S9 | ||
| 650 | _aLLOYD V SADLER | ||
| 650 | _aPROFESSIONAL TENANTS | ||
| 650 | _aSECURITY OF TENURE | ||
| 690 | _aLANDLORD AND TENANT-BUSINESS TENANCIES | ||
| 942 | _n0 | ||
| 948 | _c04/03/1997 | ||
| 999 |
_c3954 _d3954 |
||